Antología del cuento chileno: selección, notas críticas, e informaciones bibliográficas
-д хадгалсан:
| Байгууллагын зохиогч: | |
|---|---|
| Формат: | Ном |
| Хэл сонгох: | испани |
| Хэвлэсэн: |
Santiago
Instituto de Literatura Chilena
1963
|
| Цуврал: | Antologías y Compilaciones, 1
|
| Нөхцлүүд: | |
| Шошгууд: |
Шошго нэмэх
Шошго байхгүй, Энэхүү баримтыг шошголох эхний хүн болох!
|
MARC
| LEADER | 00000nam a2200000 a 4500 | ||
|---|---|---|---|
| 001 | UCK4989 | ||
| 003 | CL-VaPUC | ||
| 008 | 050708e19630000CL |||||||||||||||||spa|d | ||
| 082 | 0 | 4 | |a Ch863 |b INS |2 21 |
| 110 | 2 | |a Instituto de Literatura Chilena |e author |9 493652 | |
| 245 | 1 | 0 | |a Antología del cuento chileno: selección, notas críticas, e informaciones bibliográficas |
| 300 | |a 629 p | ||
| 942 | |c BK | ||
| 945 | |d 20050708 00:00:00 |a cmena | ||
| 260 | |a Santiago |b Instituto de Literatura Chilena |c 1963 | ||
| 650 | 0 | |a Cuentos chilenos |9 308280 | |
| 650 | 0 | |a Literatura chilena |9 308278 | |
| 650 | 0 | |a Antologías |9 309836 | |
| 583 | |a last modification |c 20050708 00:00:00 |k Rodrigo Vera | ||
| 490 | 0 | |a Antologías y Compilaciones, 1 | |
| 999 | |c 313688 |d 313686 | ||
| 952 | |0 0 |1 0 |4 0 |6 CH_863_000000000000000_INS_1963 |7 0 |8 A |9 385172 |a BIBEDU |b BIBEDU |d 2019-11-22 |i 4143795 |o Ch863 INS 1963 |p 4143795 |r 2019-11-22 |w 2019-11-22 |y BK |k LIT | ||